ՀՀ Գիտությունների ազգային ակադեմիայի հիմնարար գիտական գրադարան  =   Fundamental Scientific Library of NAS RA

Երկրագործության լաբորատոր-գործնական պարապմունքների ձեռնարկ : (Record no. 212552)

MARC details
000 -LEADER
fixed length control field 00933nam a2200205 u 4500
001 - CONTROL NUMBER
control field 000551763
003 - CONTROL NUMBER IDENTIFIER
control field AM-YeHGA
005 - DATE AND TIME OF LATEST TRANSACTION
control field 20250618073131.0
008 - FIXED-LENGTH DATA ELEMENTS--GENERAL INFORMATION
fixed length control field 070927s1960 ai r 000 0 arm d
040 ## - CATALOGING SOURCE
Original cataloging agency AM-YeHGA
041 0# - LANGUAGE CODE
Language code of text/sound track or separate title arm
090 ## - LOCALLY ASSIGNED LC-TYPE CALL NUMBER (OCLC); LOCAL CALL NUMBER (RLIN)
-- 214065
245 00 - TITLE STATEMENT
Title Երկրագործության լաբորատոր-գործնական պարապմունքների ձեռնարկ :
Remainder of title (Մոլախոտերի բաժին) /
Statement of responsibility, etc. Կազմ.՝ Ն.Հ. Կարապետյան; Հայկ. գյուղատնտ. ին-տ.
260 ## - PUBLICATION, DISTRIBUTION, ETC.
Place of publication, distribution, etc. Երևան :
Name of publisher, distributor, etc. ՀՍՍՌ Գյուղ. մին. գյուղ. գիտ. գլխ. վարչ. հրատ,
Date of publication, distribution, etc. 1960.
300 ## - PHYSICAL DESCRIPTION
Extent 80 էջ :
Other physical details աղս.
650 14 - SUBJECT ADDED ENTRY--TOPICAL TERM
Topical term or geographic name entry element Երկրագործություն
Form subdivision Ձեռնարկ
650 14 - SUBJECT ADDED ENTRY--TOPICAL TERM
Topical term or geographic name entry element Մոլախոտեր
700 1# - ADDED ENTRY--PERSONAL NAME
Personal name Կարապետյան, Նշան Հովհաննեսի,
Dates associated with a name 1920-1993
Relator term կազմ.
Relationship com
9 (RLIN) 8897
710 2# - ADDED ENTRY--CORPORATE NAME
Corporate name or jurisdiction name as entry element Հայկական գյուղատնտեսական ինստիտուտ
Holdings
Withdrawn status Lost status Damaged status Not for loan Collection Home library Current library Date acquired Cost, normal purchase price Total checkouts Full call number Barcode Date last seen Price effective from Koha item type Public note
        General Fundamental Scientific Library Fundamental Scientific Library 28/12/2016 90.00   AII/8615 FL0018133 28/12/2016 28/12/2016 Գրքեր / Books 30 Days Loan


ՀՀ ԳԱԱ հիմնարար գիտական գրադարան
ՀՀ,Երևան 0019
Մարշալ Բաղրամյան 24/6
հեռախոս:(374-10) 52-47-50
Հետադարձ կապ

All site content, except where otherwise noted, is licensed under a
Creative Commons License